000 00296nam a2200121Ia 4500
008 190902s9999||||xx |||||||||||||| ||und||
020 _a0-07-099130-8
100 _aRuth Ashley
245 0 _aGE-Basic Self Teaching Guide
260 _aIndia
_bThe McGraw-Hill
_c1991
300 _a334
942 _cBK
999 _c2767
_d2767